| 000 | 00806nam a2200241 a 4500 | ||
|---|---|---|---|
| 001 | 000011327 | ||
| 003 | DO-SdBNP | ||
| 005 | 20240412074225.0 | ||
| 008 | 091016s20uu dr 000 0 spa d | ||
| 040 |
_aDO-SdBNP _bspa _cBNPHU |
||
| 082 | 4 |
_aRD861.44 _bS684m _222 |
|
| 100 | 1 |
_aSoldevila, Raul _926930 |
|
| 245 | 1 | 0 |
_aMis rimas en sonatas de amor : _bcincuenta sonetos dominicanos / _cRaul Soldevila; prólogo Juanita Peguero Vicente. |
| 260 |
_aSanto Domingo : _b Escolar, _c[19--?]. |
||
| 300 |
_a56, [44] p. ; _c23 cm. |
||
| 590 | _aInventariado, 2018/VM | ||
| 650 | 4 |
_aSonetos dominicanos _910208 |
|
| 650 | 4 | _aPoesía dominicana | |
| 650 | 0 |
_aLiteratura dominicana. _967 |
|
| 700 | 1 |
_aPeguero Vicente, Juanita, _epról. _926931 |
|
| 910 | _aValidado. Control de calidad MFF | ||
| 942 |
_2ddc _cLBS1 |
||
| 999 |
_c11034 _d11034 |
||